000 01305nam a2200301 c 4500
003 BLK
005 20250314161245.0
008 180411b bul|||||r ||||||| ||bul||
010 _aKNG00207403000
040 _aBLK
041 _aBUL
_cBUL
080 _aНемска литература
_b821.112.2
_x-31
_z821.112.2-31
100 _aГримелсхаузен, Ханс Якоб Кристофел фон
_d1622 - 1676
_9281037
700 1 _aПарашкевов, Борис Димитров
_eпрев. от нем. с предг.
_9366129
139 _aГримелсхаузен, Ханс Якоб Кристофел фон
_bГ 83
245 1 0 _aПриключенията на Симплицисимус
_bРоман
_cХанс Якоб Кристофел фон Гримелсхаузен; прев. от нем. с предг. Борис Димитров Парашкевов.
257 _aBGR
260 София
_bНар. култура
_c1990
300 _a440 с.
_c21 см
380 _aX
490 1 _aБиблиотека Световна класика
852 _aЦб 163405
856 4 _qpdf
_u
856 4 _qpdf
_u
942 _cKNG
_n0
944 _aCR
_c31.05.2017
_k30560
_lГеновева Генчева
944 _aED
_c31.05.2017
_kПравда_Бадева
999 _c198080
_d198080